书目信息 |
| 题名: |
Unity 2017从入门到精通
|
|
| 作者: | ;刘向群 , 吴彬 编著 ;Unity公司 主编 | |
| 分册: | ||
| 出版信息: | 北京 人民邮电出版社 2020.06 |
|
| 页数: | 14, 544页 | |
| 开本: | 26cm | |
| 丛书名: | ||
| 单 册: | ||
| 中图分类: | TP317.6 | |
| 科图分类: | ||
| 主题词: | 游戏程序--you xi cheng xu--程序设计--教材 | |
| 电子资源: | ||
| ISBN: | 978-7-115-53517-7 | |
| 000 | 01036nam0 2200265 450 | |
| 001 | 202020140829 | |
| 005 | 20220307151644.96 | |
| 010 | @a978-7-115-53517-7@dCNY198.00 | |
| 100 | @a20200919d2020 em y0chiy50 ea | |
| 101 | 0 | @achi |
| 102 | @aCN@b110000 | |
| 105 | @aak z 000yy | |
| 200 | 1 | @aUnity 2017从入门到精通@AUnity 2017cong ru men dao jing tong@fUnity公司主编@g刘向群, 吴彬编著 |
| 210 | @a北京@c人民邮电出版社@d2020.06 | |
| 215 | @a14, 544页@c彩图@d26cm | |
| 330 | @a本书共分28章, 主要介绍了Unity 2017软件的安装和使用方法, 包括Unity界面操作、Timeline、资源导入流程、场景创建、粒子系统、Mecanim动画系统、物理引擎、地形系统、脚本语言开发、Shader开发、脚本调试优化与内存管理、跨平台发布等内容。 | |
| 333 | @aUnity官方授权教材 | |
| 606 | 0 | @a游戏程序@Ayou xi cheng xu@x程序设计@j教材 |
| 610 | 0 | @aUnity |
| 690 | @aTP317.6@v5 | |
| 702 | 0 | @a刘向群@Aliu xiang qun@4编著 |
| 702 | 0 | @a吴彬@Awu bin@4编著 |
| 711 | 02 | @aUnity公司@AUnity gong si@4主编 |
| 801 | 0 | @aCN@c20200612 |
| 905 | @a河南城建学院图书馆@dTP317.6@eL695 | |
| Unity 2017从入门到精通/Unity公司主编/刘向群, 吴彬编著.-北京:人民邮电出版社,2020.06 |
| 14, 544页:彩图;26cm |
| 使用对象:Unity官方授权教材 |
| ISBN 978-7-115-53517-7:CNY198.00 |
| 本书共分28章, 主要介绍了Unity 2017软件的安装和使用方法, 包括Unity界面操作、Timeline、资源导入流程、场景创建、粒子系统、Mecanim动画系统、物理引擎、地形系统、脚本语言开发、Shader开发、脚本调试优化与内存管理、跨平台发布等内容。 |
| ● |
| 相关链接 |
|
|
|
正题名:Unity 2017从入门到精通
索取号:TP317.6/L695
 
预约/预借
| 序号 | 登录号 | 条形码 | 馆藏地/架位号 | 状态 | 备注 |
| 1 | 1491004 | 214910042 | 自科库301/301自科库 60排2列5层/ [索取号:TP317.6/L695] | 在馆 | |
| 2 | 1505369 | 215053698 | 计算机与数据科学学院资料室/ [索取号:TP317.6/L695] | 在馆 |